000 00905nam a2200253Ia 4500
003 OSt
005 20220923224743.0
006 a|||||r|||| 00| 0
007 ta
008 220922b |||||||| |||| 00| 0 hin d
024 _a249,704
037 _cTextual
040 _aARTS
_cARTS
_bhin
041 _2hin
_ahin
082 _aO152,1:g(R3), M0
100 _aसैनी, राम किशन
245 0 _aआधुनिक हिन्दी महाकाव्यो मे पाश्चात्य चिन्तन
246 _aĀdhunik hindī hinākāvyo me pāshchātya chintana
260 _aजयपुर
_b पंचशील प्रकाशन
_c1980
300 _a338पृ.
_ccm.
650 _aहिन्दी साहित्य
_9156264
942 _hO152,1:g(R3), M0
_cTEXL
_2CC
999 _c373448
_d373448